LEADER 01351nam--2200433---450- 001 990001421650203316 005 20090423155543.0 035 $a000142165 035 $aUSA01000142165 035 $a(ALEPH)000142165USA01 035 $a000142165 100 $a20040213d1976----km-y0itay0103----ba 101 0 $aita 102 $aIT 105 $a||||||||001yy 200 1 $aLegislazione regionale$eordinamento e funzionamento della Giunta e del Consiglio della Regione Campania$fa cura di Quirino Mancini 210 $aNapoli$cGuida$d1976 215 $a430 p.$d21 cm 410 0$12001 454 1$12001 461 1$1001-------$12001 606 0 $aCampania$xLegislazione 676 $a342 702 1$aMANCINI,$bQuirino 710 02$aCampania$0270004 801 0$aIT$bsalbc$gISBD 912 $a990001421650203316 951 $aXXIV.3.A 9 (IX B 582)$b77371 L.M.$cIX B$d00204380 951 $aXXIV.2.H 9a (IX B 589)$b81139 L.M.$cIX B$d00204404 959 $aBK 969 $aUMA 979 $aSIAV4$b10$c20040213$lUSA01$h1313 979 $aPATRY$b90$c20040406$lUSA01$h1740 979 $aFIORELLA$b90$c20070612$lUSA01$h1026 979 $aRSIAV5$b90$c20090423$lUSA01$h1242 979 $aRSIAV5$b90$c20090423$lUSA01$h1550 979 $aRSIAV5$b90$c20090423$lUSA01$h1555 996 $aLegislazione regionale$9274808 997 $aUNISA